เปลี่ยนเป็นภาษาไทย

Change to English
 แสดงรายละเอียดบรรณานุกรม
  กลับหน้าหลัก

Brief Record : Get Marc (ISO 2709) : E-mail record : QR code ปิดหน้าต่าง
LEADER 01174nam 2200277 a 4500
008    030417s2004 caua sb 001 0 eng
022    ^a1251511
222    ^aใก้ลหมอ. ปี่ที่ 27.ฉบับที่6. ก.ค.46
245    ^aชีวิตใหม่ในวัยทอง
300    ^a23- 25 หน้า^b
913    ^aImported by ULIBM Administrator
949    ^aImport form external file by ULIBM system
รายการนี้ยังไม่มีแท็ก
คุณยังไม่ได้ล็อกอิน คุณสามารถมีกิจกรรมร่วมกับเว็บไซต์ได้ แต่ต้องล็อกอินก่อน ::
  ล็อกอิน
5655
ไม่มีไอเทมให้บริการ
ไม่มีไอเทมให้บริการ

BibComment


ยังไม่เคยถูกคอมเมนท์

คอมเมนท์ทรัพยากรรายการนี้
  คอมเมนท์: ชีวิตใหม่ในวัยทอง
Bib 6897

 
 
 

 Union Library Management : ULibM
Copyright 2026. All Rights Reserved.